000 00271nam a2200109Ia 4500
005 20251222144701.0
008 251222s9999||||xx |||||||||||||| ||spa||
082 _a985.27/L95
100 _aLucero Retes, Gerardo Abraham
245 0 _aLurin Hacia el Siglo XXI
942 _cLIB
999 _c17461
_d17461